| 000 | 01532cad a22002415a 4500 | ||
|---|---|---|---|
| 001 | L142960 | ||
| 008 | 080326e20080325xxk f 000 0 eng d | ||
| 035 | _a(Sirsi) u142960 | ||
| 041 | 0 | _aeng | |
| 050 | 0 | 4 | _a333.72 $2 18 |
| 110 | 2 |
_aTown and Country Planning Association _93022 |
|
| 245 | 0 | 0 |
_aTowards sustainable communities _beco-towns community worksheet _h[electronic resource] |
| 260 |
_aLondon _bTCPA _c2008 |
||
| 520 | _aRecommends a set of key points and processes to be used in the planning of sustainable communities within eco-towns. Highlights the importance of an understanding that different sections of the community will identify and be attracted to different areas of the town. Supporting interaction and involving the community in planning is vital to good planning. Recommends mapping of the existing community and faith organisations in the region. Also recommends the creation of central community resources, the use of community development workers and attention to the timely delivery of community infrastructure. | ||
| 521 | 2 | _aAdvanced | |
| 590 | _aKA NTK | ||
| 651 | 4 |
_aUnited Kingdom _y |
|
| 690 | _aENVIRONMENTAL AND LAND CONSULTANCY-SUSTAINABILITY-SUSTAINABLE DEVELOPMENT | ||
| 690 | _aENVIRONMENTAL AND LAND CONSULTANCY-PLANNING AND DEVELOPMENT-STRATEGIC PLANNING | ||
| 710 | 1 |
_aUnited Kingdom _bDepartment for Communities and Local Government _94939 |
|
| 856 | 4 | 0 |
_uhttps://www.tcpa.org.uk/pages/sustainability-worksheets.html _zView the item free of charge at www.tcpa.org.uk... |
| 942 | _n0 | ||
| 999 |
_c108025 _d108025 |
||